书目信息 |
| 题名: |
服务礼仪教程
|
|
| 作者: | 金正昆 著 | |
| 分册: | ||
| 出版信息: | 北京 中国人民大学出版社 2005 |
|
| 页数: | 298页 | |
| 开本: | 20cm | |
| 丛书名: | ||
| 单 册: | ||
| 中图分类: | F718 | |
| 科图分类: | ||
| 主题词: | 礼仪 , 服务业--礼仪--教材 | |
| 电子资源: | ||
| ISBN: | 7-300-02858-6 | |
| 000 | 00867nam0 2200289 450 | |
| 001 | 0900000017236 | |
| 005 | 20051129103319.90 | |
| 010 | @a7-300-02858-6@dCNY22.00 | |
| 092 | @aCN | |
| 100 | @a20041129e2005 ekmy0chiy0120 ea | |
| 101 | 0 | @achi |
| 102 | @aCN@b110000 | |
| 105 | @ay az 000yy | |
| 200 | 1 | @a服务礼仪教程@9fu wu li yi jiao cheng@f金正昆著@Fjin zheng kun zhu |
| 205 | @a2版 | |
| 210 | @a北京@c中国人民大学出版社@d2005 | |
| 215 | @a298页@d20cm | |
| 300 | @a21世纪实用礼仪系列教材 | |
| 320 | @a有书目 | |
| 330 | @a服务礼仪的基本理论;服务人员的仪容规范;服务人员的仪态规范;服务人员的服饰规范;服务人员的语言规范;服务人员的岗位规范。 | |
| 606 | 0 | @a礼仪 |
| 606 | 0 | @a服务业@x礼仪@j教材 |
| 690 | @aF718@v4 | |
| 701 | 0 | @a金正昆@Ajin zheng kun@4著 |
| 801 | 0 | @aCN@bCXYBOOK@c20051129 |
| 905 | @a10447@dF718@e113=2 | |
| 999 | @aZXL@eJDD | |
| 服务礼仪教程/金正昆著.-2版.-北京:中国人民大学出版社,2005 |
| 298页;20cm |
| 21世纪实用礼仪系列教材 |
| ISBN 7-300-02858-6:CNY22.00 |
| 服务礼仪的基本理论;服务人员的仪容规范;服务人员的仪态规范;服务人员的服饰规范;服务人员的语言规范;服务人员的岗位规范。 |
| ● |
| 相关链接 |
|
|
|
|
正题名:服务礼仪教程
索取号:F718/113=2
 
预约/预借
| 序号 | 登录号 | 条形码 | 馆藏地/架位号 | 状态 | 备注 |
| 1 | 0369662 | 203696624 | 第一样本阅览室/ [索取号:F718/113=2] | 在馆 | |
| 2 | 0369663 | 203696633 | 第一借阅区/ [索取号:F718/113=2] | 在馆 |